| 000 | 00781nam a2200229 u 4500 | ||
|---|---|---|---|
| 005 | 20220528063602.0 | ||
| 008 | 170830s2006 es r 000 0 spa d | ||
| 020 | _a978849801523 | ||
| 035 | _aUPN01000220042 | ||
| 049 | _aI | ||
| 050 | 4 |
_aPZ76.3 _bB7.22 |
|
| 100 | 1 |
_aBrunhoff, Laurent de, _d1925- _936389 |
|
| 245 | 1 | 0 |
_aBabar visita otro planeta / _cLaurent de Brunhoff ; tr. Remedios Diéguez Diéguez. |
| 260 |
_aBarcelona, Esp. : _bBlume, _c2006. |
||
| 300 |
_a[30] p. : _bprincipalmente il. col. |
||
| 534 |
_pTítulo original: _tBabar visits another planet |
||
| 650 | 4 |
_aELEFANTES - _vLITERATURA INFANTIL _924630 |
|
| 650 | 4 |
_aVIAJES INTERPLANETARIOS - _vLITERATURA JUVENIL _98416 |
|
| 650 | 0 |
_aHistorias de aventuras _94131 |
|
| 905 | _aInfantil | ||
| 999 |
_c192141 _d192141 |
||